[Event "Ct. Girona indiv. Absolut"]
[Site "Girona"]
[Date "2013.12.01"]
[Round "9"]
[White "Gultresa Boada, I."]
[Black "Caballero Maytin, J."]
[Result "0-1"]
[WhiteElo "1838"]
[BlackElo "1962"]
[PlyCount "82"]
[EventDate "2013.??.??"]
[EventType "swiss"]
[EventRounds "9"]

1. e4 c5 2. Nf3 g6 3. d4 cxd4 4. Nxd4 Bg7 5. Nc3 Nc6 6. Be3 Nf6 7. f3 O-O 8.
Qd2 d5 9. Nxc6 bxc6 10. e5 Nd7 11. f4 e6 12. Na4 Nxe5 13. O-O-O Nd7 14. g4 Nb6
15. Nc5 Rb8 16. b3 Qe7 17. Bd4 e5 18. fxe5 Bxg4 19. Re1 Nd7 20. Nxd7 Bxd7 21.
Qa5 Qh4 22. Bc5 Rfe8 23. Bd6 Rbc8 24. Ba6 Qd4 25. Bxc8 Qa1+ 26. Kd2 Qd4+ 27.
Kc1 Qa1+ 28. Kd2 Qd4+ 29. Ke2 Bxc8 30. Kf3 Qg4+ 31. Kf2 Qf4+ 32. Kg1 d4 33. Rf1
Qe3+ 34. Rf2 Bh3 35. Qd2 Bh6 36. Qxe3 Bxe3 37. Bc7 f6 38. exf6 Kf7 39. Bg3 d3
40. cxd3 Bd4 41. Be5 Rxe5 0-1

[Event "Ct. Girona indiv. Absolut"]
[Site "Girona"]
[Date "2013.12.01"]
[Round "9"]
[White "Kucherenko, S."]
[Black "Otones Lopez, A."]
[Result "0-1"]
[WhiteElo "1919"]
[BlackElo "1790"]
[PlyCount "44"]
[EventDate "2013.??.??"]
[EventType "swiss"]
[EventRounds "9"]

1. e4 c5 2. Nf3 Nc6 3. d4 cxd4 4. Nxd4 g6 5. Be3 Bg7 6. Nc3 Nf6 7. Bc4 Na5 8.
Be2 O-O 9. Qd2 d5 10. exd5 Nxd5 11. Nxd5 Qxd5 12. Bf3 Qe5 13. Qb4 Nc6 14. Bxc6
bxc6 15. Nxc6 Qxb2 16. Qxb2 Bxb2 17. Rb1 Bc3+ 18. Bd2 Bf6 19. O-O Bf5 20. Rb7
Bxc2 21. Rc1 Be4 22. Rxa7 Bxc6 0-1

[Event "Ct. Girona indiv. Absolut"]
[Site "Girona"]
[Date "2013.12.01"]
[Round "9"]
[White "Lillo Castany, V."]
[Black "Vidal Zamora, A."]
[Result "1/2-1/2"]
[WhiteElo "2324"]
[BlackElo "2182"]
[PlyCount "197"]
[EventDate "2013.??.??"]
[EventType "swiss"]
[EventRounds "9"]

1. e4 e5 2. Nf3 Nc6 3. Bc4 Bc5 4. c3 Nf6 5. d3 d6 6. Nbd2 a6 7. Bb3 Ba7 8. h3
O-O 9. O-O Ne7 10. Re1 Ng6 11. Nf1 h6 12. Ng3 Re8 13. d4 b5 14. Bc2 Bb7 15. a4
c5 16. b3 Qc7 17. d5 c4 18. b4 Bb6 19. a5 Ba7 20. Nh2 Bc8 21. Nh5 Qe7 22. Rf1
Nxh5 23. Qxh5 Qh4 24. Qxh4 Nxh4 25. g3 Ng6 26. Kg2 f6 27. Bd2 Bd7 28. Rae1 Re7
29. f4 exf4 30. gxf4 f5 31. e5 dxe5 32. fxe5 Rxe5 33. Rxe5 Nxe5 34. Bxf5 Rd8
35. Ng4 Bb8 36. Be3 Bxf5 37. Rxf5 Ng6 38. Rh5 Ne7 39. Bd4 Nxd5 40. Nxh6+ gxh6
41. Rxh6 Kf7 42. Rxa6 Nxb4 43. Rb6 Nc2 44. Bc5 Ne1+ 45. Kf1 Nd3 46. Rxb5 Rd5
47. Rb7+ Ke6 48. Bb6 Bg3 49. Kg2 Rg5 50. Kf3 Bf2 51. Bxf2 Rf5+ 52. Ke3 Rxf2 53.
Kd4 Rf4+ 54. Ke3 Rf5 55. Kd4 Rd5+ 56. Kxc4 Ne5+ 57. Kb3 Rxa5 58. c4 Nd7 59. Rb5
Ra1 60. Kc3 Rc1+ 61. Kb3 Ne5 62. Rc5 Rh1 63. Rc8 Rxh3+ 64. Kb4 Kd7 65. Rg8 Rh4
66. Kc5 Nxc4 67. Kd5 Nb6+ 68. Kc5 Na4+ 69. Kb5 Nc3+ 70. Kc5 Ne4+ 71. Kb5 Nd6+
72. Kc5 Rc4+ 73. Kd5 Rf4 74. Rg7+ Nf7 75. Rh7 Rf5+ 76. Ke4 Ke6 77. Rh1 Nd6+ 78.
Kd4 Rf4+ 79. Ke3 Ke5 80. Rh8 Ra4 81. Rh5+ Nf5+ 82. Kd3 Rd4+ 83. Kc3 Rd8 84. Rh7
Ke4 85. Ra7 Rc8+ 86. Kd2 Rd8+ 87. Kc3 Rd3+ 88. Kc4 Rd1 89. Ra8 Rc1+ 90. Kb4 Ne3
91. Rh8 Nf5 92. Re8+ Kd5 93. Rd8+ Nd6 94. Rh8 Kd4 95. Rh4+ Ne4 96. Kb5 Rc8 97.
Rh1 Nc3+ 98. Kb6 Nd5+ 99. Kb7 1/2-1/2

[Event "Ct. Girona indiv. Absolut"]
[Site "Girona"]
[Date "2013.12.01"]
[Round "9"]
[White "Mas Recorda, P."]
[Black "Serra Canals, O."]
[Result "1/2-1/2"]
[WhiteElo "2032"]
[BlackElo "1877"]
[PlyCount "79"]
[EventDate "2013.??.??"]
[EventType "swiss"]
[EventRounds "9"]

1. d4 e6 2. c4 d5 3. cxd5 exd5 4. Nc3 c6 5. Qc2 Bd6 6. Nf3 Ne7 7. Bg5 f6 8. Bh4
Bf5 9. Qd2 Na6 10. e3 Nc7 11. Bg3 O-O 12. Bd3 Ne6 13. Bxf5 Nxf5 14. Qd3 g6 15.
Bxd6 Nxd6 16. h4 Ng7 17. O-O-O b5 18. Nd2 Qa5 19. Kb1 Nc4 20. Ka1 Qb4 21. Qc2
a5 22. h5 Nxh5 23. g4 Ng7 24. Rh6 Ra7 25. e4 Ne6 26. Nf3 dxe4 27. Nxe4 Nf4 28.
g5 Nd5 29. Nxf6+ Nxf6 30. gxf6 Rxf6 31. Ne5 Rd6 32. a3 Nxa3 33. bxa3 Qxa3+ 34.
Qa2+ Qxa2+ 35. Kxa2 c5 36. d5 Re7 37. f4 Kg7 38. Rdh1 Kg8 39. Rd1 Kg7 40. Rdh1
1/2-1/2

[Event "Ct. Girona indiv. Absolut"]
[Site "Girona"]
[Date "2013.12.01"]
[Round "9"]
[White "Perez Lopez, A."]
[Black "Ramirez Garcia, L."]
[Result "1-0"]
[WhiteElo "1796"]
[BlackElo "1776"]
[PlyCount "109"]
[EventDate "2013.??.??"]
[EventType "swiss"]
[EventRounds "9"]

1. Nf3 Nf6 2. g3 g6 3. Bg2 Bg7 4. c4 d6 5. d4 c5 6. Nc3 cxd4 7. Nxd4 a6 8. Qa4+
Qd7 9. Qb3 Qc7 10. Bd2 Nbd7 11. Na4 O-O 12. O-O Nc5 13. Nxc5 Qxc5 14. Be3 Qc7
15. Rac1 Rb8 16. Rfd1 Ng4 17. Nc2 Nxe3 18. Nxe3 Be6 19. Nd5 Bxd5 20. cxd5 Qd7
21. Rc2 Rfc8 22. Rdc1 Kf8 23. h4 Ke8 24. Kh2 Rxc2 25. Rxc2 Rc8 26. Bh3 f5 27.
e4 Rc5 28. Rxc5 dxc5 29. exf5 Qb5 30. Qe3 Bd4 31. Qe6 Qxb2 32. Qg8+ Kd7 33.
fxg6+ Kc7 34. Qc8+ Kb6 35. Qd8+ Ka7 36. Qxe7 Qxf2+ 37. Bg2 hxg6 38. d6 Qb2 39.
d7 Bf6 40. Qxc5+ Qb6 41. Qd5 Be7 42. a4 Bd8 43. Kh3 Qb1 44. Qe4 Qxe4 45. Bxe4
g5 46. h5 Kb8 47. h6 Kc7 48. h7 Bf6 49. Bxb7 Kxd7 50. Bxa6 Ke8 51. Kg4 Kf8 52.
Kf5 Bc3 53. Kxg5 Kg7 54. Bd3 Bd2+ 55. Kh5 1-0

[Event "Ct. Girona indiv. Absolut"]
[Site "Girona"]
[Date "2013.12.01"]
[Round "9"]
[White "Pinsach Gelabert, A."]
[Black "Salagran Ferragut, G."]
[Result "1-0"]
[WhiteElo "2102"]
[BlackElo "1995"]
[PlyCount "89"]
[EventDate "2013.??.??"]
[EventType "swiss"]
[EventRounds "9"]

1. e4 c5 2. Nf3 Nc6 3. d4 cxd4 4. Nxd4 e5 5. Nb5 d6 6. N1c3 a6 7. Na3 Be7 8.
Nc4 b5 9. Ne3 Nf6 10. Ned5 Nxd5 11. Nxd5 O-O 12. Be2 Bg5 13. c3 Bxc1 14. Qxc1
Be6 15. Qd2 Ne7 16. O-O Bxd5 17. exd5 Ng6 18. a4 b4 19. cxb4 Nf4 20. g3 Ng6 21.
b5 f5 22. bxa6 f4 23. a5 f3 24. Bd3 Qd7 25. Kh1 Rf6 26. Rg1 Qh3 27. Bf1 Qh5 28.
Ra4 Nf4 29. Rxf4 exf4 30. g4 Qh4 31. g5 Rf5 32. Qd3 Rxg5 33. Rxg5 Qxg5 34. Qxf3
Qe5 35. Qe2 Qd4 36. Kg1 Kh8 37. Qb5 f3 38. h3 h5 39. Qb7 Ra7 40. Qb6 Qc5 41. b4
Qxd5 42. Qxa7 Qg5+ 43. Kh1 Qc1 44. Qb8+ Kh7 45. Qb5 1-0

[Event "Ct. Girona indiv. Absolut"]
[Site "Girona"]
[Date "2013.12.01"]
[Round "9"]
[White "Pruja Ramirez de Cartagena, E."]
[Black "Dorca Dilme, R."]
[Result "0-1"]
[WhiteElo "1811"]
[BlackElo "2196"]
[PlyCount "40"]
[EventDate "2013.??.??"]
[EventType "swiss"]
[EventRounds "9"]

1. e4 e5 2. Nf3 Nc6 3. d4 exd4 4. Nxd4 Bc5 5. Be3 Qf6 6. Nb5 Bxe3 7. fxe3 Qh4+
8. g3 Qd8 9. Qg4 g6 10. Qf4 d6 11. Bc4 Ne5 12. O-O Bh3 13. Bxf7+ Kd7 14. Rf2 g5
15. Qxe5 dxe5 16. Rd2+ Ke7 17. Rxd8 Rxd8 18. Bc4 Rd1+ 19. Kf2 Nh6 20. g4 Rf8+
0-1

[Event "Ct. Girona indiv. Absolut"]
[Site "Girona"]
[Date "2013.12.01"]
[Round "9"]
[White "Radionov, V."]
[Black "Zamora Alarcon, J."]
[Result "0-1"]
[WhiteElo "1927"]
[BlackElo "1791"]
[PlyCount "134"]
[EventDate "2013.??.??"]
[EventType "swiss"]
[EventRounds "9"]

1. e4 e5 2. Nf3 Nc6 3. Bc4 d6 4. c3 Be6 5. Bxe6 fxe6 6. Qb3 Qc8 7. O-O Be7 8.
d4 exd4 9. cxd4 b6 10. Nc3 Qd7 11. Be3 Nh6 12. h3 Nf7 13. Rad1 O-O 14. d5 exd5
15. Nxd5 Na5 16. Qc2 c5 17. Nd2 Bg5 18. f4 Be7 19. Nf3 Qb7 20. Rfe1 Nc6 21. a3
Rae8 22. Bd2 Bd8 23. Bc3 Re6 24. f5 Ree8 25. f6 Nfe5 26. Nxe5 Nxe5 27. fxg7
Qxg7 28. Rf1 Rxf1+ 29. Rxf1 Rf8 30. Rxf8+ Kxf8 31. Qf2+ Qf7 32. Qg3 Qe6 33.
Qf4+ Nf7 34. h4 Kg8 35. Nf6+ Kh8 36. Ng4+ Kg8 37. g3 Qg6 38. Kf2 h5 39. Ne3 b5
40. Kf3 a5 41. e5 b4 42. axb4 axb4 43. Bd2 Nxe5+ 44. Ke2 Qf6 45. Nd5 Qe6 46.
Qe4 Qg6 47. Qxg6+ Nxg6 48. b3 Kf7 49. Bf4 Ke6 50. Ne3 Nxf4+ 51. gxf4 Bxh4 52.
Kf3 d5 53. Ke2 Bg3 54. Kf3 h4 55. Kg4 d4 56. f5+ Kf7 57. Nd5 Bf2 58. Kf3 Be1
59. Ke2 h3 60. Kf3 h2 61. Kg2 Bg3 62. Kh1 d3 63. Ne3 Bf4 64. Nd1 Kf6 65. Nf2 d2
66. Ne4+ Kxf5 67. Nxd2 Bxd2 0-1

[Event "Ct. Girona indiv. Absolut"]
[Site "Girona"]
[Date "2013.12.01"]
[Round "9"]
[White "Salagran Ferragut, E."]
[Black "Garcia Taberner, L."]
[Result "1/2-1/2"]
[WhiteElo "1586"]
[BlackElo "1963"]
[PlyCount "105"]
[EventDate "2013.??.??"]
[EventType "swiss"]
[EventRounds "9"]

1. e4 e6 2. d4 d5 3. Nc3 dxe4 4. Nxe4 Nd7 5. Nf3 Ngf6 6. Bd3 Be7 7. c3 O-O 8.
O-O b6 9. Bg5 Bb7 10. Ng3 h6 11. Be3 c5 12. dxc5 Nxc5 13. Be2 Qc7 14. Nd4 Rad8
15. Qc2 a6 16. Rad1 b5 17. Bf3 Bxf3 18. Nxf3 Nd5 19. Bd4 Bf6 20. Bxf6 Nxf6 21.
Rxd8 Rxd8 22. Rd1 Rxd1+ 23. Qxd1 Na4 24. Qd2 Nb6 25. Nd4 Nc4 26. Qe2 Qf4 27. b3
Nd6 28. Nf1 Nfe4 29. c4 bxc4 30. bxc4 Nxc4 31. Qxc4 Qxf2+ 32. Kh1 Nc3 33. Nf3
Nxa2 34. N1d2 e5 35. Qxa2 e4 36. Qxa6 exf3 37. Nxf3 g6 38. Qc4 Qb6 39. Qd4 Qb1+
40. Ng1 h5 41. Qd8+ Kg7 42. Qd4+ Kg8 43. Qf4 Kg7 44. h3 Qa2 45. Nf3 Qb3 46. Kh2
Qa2 47. Kg3 Qb3 48. Kh4 Qa2 49. g3 Qb3 50. Kg5 Qd5+ 51. Kh4 Qb3 52. Ne5 Qe6 53.
Nf3 1/2-1/2

[Event "Ct. Girona indiv. Absolut"]
[Site "Girona"]
[Date "2013.12.01"]
[Round "9"]
[White "Sanchez Luque, J."]
[Black "Aymerich Verdaguer, E."]
[Result "0-1"]
[WhiteElo "1895"]
[BlackElo "1980"]
[PlyCount "82"]
[EventDate "2013.??.??"]
[EventType "swiss"]
[EventRounds "9"]

1. e4 c5 2. Nf3 e6 3. d4 cxd4 4. Nxd4 Nc6 5. Nc3 Qc7 6. Be3 a6 7. Nxc6 dxc6 8.
Be2 Be7 9. f4 e5 10. O-O Nf6 11. Kh1 h5 12. f5 b5 13. a3 Bb7 14. Qe1 c5 15. Bf3
O-O-O 16. Qf2 Ng4 17. Bxg4 hxg4 18. f6 gxf6 19. Rad1 Rxd1 20. Rxd1 Kb8 21. Rd2
Rd8 22. Rxd8+ Qxd8 23. Bxc5 Bxc5 24. Qxc5 Qd4 25. b4 Qd2 26. Nd5 Qd1+ 27. Qg1
Qxg1+ 28. Kxg1 f5 29. h4 gxh3 30. gxh3 fxe4 31. Nf6 Kc7 32. Kf2 Kd6 33. Ng4 Ke7
34. Nxe5 Ke6 35. Ng4 f5 36. Nh6 Bc8 37. Ke3 Kf6 38. Ng8+ Kf7 39. Nh6+ Kg7 40.
Ng4 fxg4 41. hxg4 Bb7 0-1

[Event "Ct. Girona indiv. Absolut"]
[Site "Girona"]
[Date "2013.12.01"]
[Round "9"]
[White "Saurina Suner, FX."]
[Black "Mestres Ramon, P."]
[Result "1-0"]
[WhiteElo "1871"]
[BlackElo "1684"]
[PlyCount "75"]
[EventDate "2013.??.??"]
[EventType "swiss"]
[EventRounds "9"]

1. d4 Nf6 2. c4 e6 3. Nc3 c5 4. d5 exd5 5. cxd5 d6 6. e4 g6 7. f4 Nfd7 8. Nf3
Bg7 9. Bd3 O-O 10. O-O Na6 11. a3 Nc7 12. Ra2 a6 13. a4 Rb8 14. a5 b5 15. axb6
Nxb6 16. Ra5 Nb5 17. Ne2 c4 18. Bb1 f5 19. Ned4 Nxd4 20. Nxd4 Bxd4+ 21. Qxd4
fxe4 22. Bd2 Qf6 23. Qxf6 Rxf6 24. Bxe4 Bf5 25. Bf3 Bd3 26. Rc1 Nd7 27. Bc3
Rxf4 28. Rxa6 Nb6 29. Re1 Rf5 30. Bg4 Nxd5 31. Bxf5 Bxf5 32. Bd4 Rd8 33. Ra7 h5
34. Ra5 Nb4 35. Bc3 Nd3 36. Re7 d5 37. Raa7 g5 38. Rg7+ 1-0

[Event "Ct. Girona indiv. Absolut"]
[Site "Girona"]
[Date "2013.12.01"]
[Round "9"]
[White "Vidal Palou, J."]
[Black "Alejo Alvarez, R."]
[Result "0-1"]
[WhiteElo "1699"]
[BlackElo "2005"]
[PlyCount "62"]
[EventDate "2013.??.??"]
[EventType "swiss"]
[EventRounds "9"]

1. d4 Nf6 2. Nf3 g6 3. Bf4 Bg7 4. e3 O-O 5. Be2 d5 6. h3 c5 7. c3 Qb6 8. Qc1 c4
9. Nbd2 Bf5 10. Ne5 Nbd7 11. g4 Be6 12. g5 Ne8 13. h4 Nxe5 14. dxe5 f6 15. exf6
exf6 16. h5 fxg5 17. Bxg5 h6 18. Bf4 g5 19. Bg3 Nd6 20. Nf3 Ne4 21. Nd4 Bd7 22.
Qc2 Rae8 23. O-O-O Qa5 24. Qb1 Nxg3 25. fxg3 Rxe3 26. Rhf1 Rfe8 27. Rf2 Qb6 28.
Rdf1 Bxd4 29. cxd4 Rxe2 30. Rxe2 Rxe2 31. Rf3 Re1+ 0-1

[Event "Ct. Lleida indiv. Absolut"]
[Site "Lleida"]
[Date "2013.10.06"]
[Round "1"]
[White "Alferez Valls, R."]
[Black "Monfa Sole, R."]
[Result "0-1"]
[WhiteElo "1541"]
[BlackElo "2008"]
[PlyCount "108"]
[EventDate "2013.??.??"]
[EventType "swiss"]
[EventRounds "9"]

1. e4 c6 2. d4 Na6 3. Nc3 Nc7 4. Nf3 d6 5. Bc4 Nf6 6. Bg5 b5 7. Bb3 b4 8. Bxf6
exf6 9. Ne2 g6 10. O-O Bg7 11. Re1 O-O 12. c3 Re8 13. Ng3 bxc3 14. bxc3 d5 15.
Qd2 Bg4 16. Qf4 h5 17. h4 Ne6 18. Qe3 Kh7 19. exd5 Nc7 20. Qd3 cxd5 21. Ne2 Qd6
22. Nh2 Bf5 23. Qg3 Qd7 24. Nf1 Bf8 25. Ne3 Be4 26. Ba4 Qxa4 27. Qxc7 Re7 28.
Qf4 Re6 29. Qc7 Re7 30. Qg3 Qc6 31. f3 Bd3 32. Nf4 Bc4 33. Nxc4 Rxe1+ 34. Qxe1
Qxc4 35. Ne2 Re8 36. Kf1 Bd6 37. Qd2 Qc7 38. Rc1 Ba3 39. Rc2 Kg7 40. Qd3 Qh2
41. Ng1 Qxh4 42. Re2 Rb8 43. Nh3 Qg3 44. c4 dxc4 45. Qe4 c3 46. Nf2 Rb2 47. Nd3
Rb1+ 48. Re1 Qb8 49. Rxb1 Qxb1+ 50. Kf2 c2 51. Qe1 Qxe1+ 52. Kxe1 c1=Q+ 53.
Nxc1 Bxc1 54. Ke2 f5 0-1

[Event "Ct. Lleida indiv. Absolut"]
[Site "Lleida"]
[Date "2013.10.06"]
[Round "1"]
[White "Borras Burgues, J."]
[Black "Villa Gimenez, C."]
[Result "0-1"]
[WhiteElo "1400"]
[BlackElo "1954"]
[PlyCount "70"]
[EventDate "2013.??.??"]
[EventType "swiss"]
[EventRounds "9"]

1. e4 e6 2. Ne2 c5 3. Ng3 Nc6 4. Be2 Nf6 5. d3 Be7 6. Be3 O-O 7. Nd2 d5 8. f4
d4 9. Bf2 Qc7 10. e5 Nd5 11. Nh5 g6 12. Bf3 gxh5 13. Bxd5 exd5 14. Qxh5 Qd7 15.
Bh4 Qg4 16. Qxg4+ Bxg4 17. g3 Bxh4 18. gxh4 Kh8 19. h3 Bh5 20. c4 Nb4 21. Nb3
Nc2+ 22. Kd2 Nxa1 23. Rxa1 Rg8 24. cxd5 Rg2+ 25. Ke1 Rg1+ 26. Kf2 Rxa1 27. Nxa1
Bg6 28. Nb3 b6 29. Nd2 Bxd3 30. Nf3 Be4 31. d6 Kg7 32. Ng5 Bd5 33. a3 f6 34. e6
fxg5 35. hxg5 Bxe6 0-1

[Event "Ct. Lleida indiv. Absolut"]
[Site "Lleida"]
[Date "2013.10.06"]
[Round "1"]
[White "Coria Gonzalez, P."]
[Black "Parramon Guillaumet, J."]
[Result "0-1"]
[WhiteElo "1828"]
[BlackElo "1942"]
[PlyCount "110"]
[EventDate "2013.??.??"]
[EventType "swiss"]
[EventRounds "9"]

1. e4 e6 2. d4 d5 3. exd5 exd5 4. Nf3 Bd6 5. Nc3 c6 6. h3 Bf5 7. Bd3 Bxd3 8.
Qxd3 Nf6 9. O-O O-O 10. Bg5 Nbd7 11. Rfe1 Qc7 12. Re3 h6 13. Bh4 Rfe8 14. Rae1
Rxe3 15. Rxe3 Re8 16. Rxe8+ Nxe8 17. Qe3 Nef6 18. Ne2 Ne4 19. Nd2 f5 20. Nxe4
fxe4 21. Bg3 Bxg3 22. Nxg3 Nf6 23. Nf5 Kf7 24. Qg3 Qxg3 25. Nxg3 Ke6 26. Kf1 b6
27. Ke2 c5 28. dxc5 bxc5 29. f3 Ke5 30. fxe4 Nxe4 31. Nxe4 Kxe4 32. Kf1 d4 33.
Ke2 c4 34. a3 Kf4 35. b3 cxb3 36. cxb3 Kg3 37. b4 Kxg2 38. b5 Kxh3 39. a4 g5
40. a5 g4 41. b6 axb6 42. axb6 g3 43. b7 d3+ 44. Kxd3 g2 45. b8=Q g1=Q 46. Qc8+
Kh2 47. Qe8 Qd1+ 48. Kc3 Qf3+ 49. Kd2 Qf2+ 50. Kd3 Kg2 51. Kc3 Qf3+ 52. Kc4 h5
53. Qe5 h4 54. Qb2+ Kg3 55. Kc5 Qf2+ 0-1

[Event "Ct. Lleida indiv. Absolut"]
[Site "Lleida"]
[Date "2013.10.06"]
[Round "1"]
[White "Lopez Morato, J."]
[Black "Llavall Sans, D."]
[Result "0-1"]
[WhiteElo "1608"]
[BlackElo "2098"]
[PlyCount "46"]
[EventDate "2013.??.??"]
[EventType "swiss"]
[EventRounds "9"]

1. e4 c6 2. Nf3 d5 3. e5 Bg4 4. h3 Bh5 5. Be2 e6 6. d4 c5 7. c3 Nc6 8. O-O Qb6
9. g4 Bg6 10. b3 cxd4 11. cxd4 h5 12. g5 Nge7 13. Bd3 Be4 14. Bxe4 dxe4 15. Nh4
Nxd4 16. Be3 Rd8 17. Nc3 Qc5 18. Nxe4 Qxe5 19. f3 Nef5 20. Nxf5 exf5 21. Re1
fxe4 22. Bxd4 Qxd4+ 23. Qxd4 Rxd4 0-1

[Event "Ct. Lleida indiv. Absolut"]
[Site "Lleida"]
[Date "2013.10.06"]
[Round "1"]
[White "Marti Trilla, A."]
[Black "Gutierrez Martos, FE."]
[Result "0-1"]
[WhiteElo "1586"]
[BlackElo "2026"]
[PlyCount "48"]
[EventDate "2013.??.??"]
[EventType "swiss"]
[EventRounds "9"]

1. e4 e5 2. Nf3 Nf6 3. Nxe5 d6 4. Nf3 Nxe4 5. d3 Nf6 6. Nc3 Be7 7. Be2 O-O 8.
O-O c6 9. h3 d5 10. d4 Bf5 11. Bf4 Nbd7 12. Re1 Ne4 13. Nxe4 dxe4 14. Ne5 Nf6
15. Bc4 Qb6 16. Qd2 Rad8 17. c3 Bd6 18. a4 Qc7 19. Qe2 Nd5 20. Bxd5 cxd5 21.
Qb5 Be6 22. c4 a6 23. Qb3 dxc4 24. Qe3 Bd5 0-1

[Event "Ct. Lleida indiv. Absolut"]
[Site "Lleida"]
[Date "2013.10.06"]
[Round "1"]
[White "Monell Camarasa, D."]
[Black "Sole Castañe, J."]
[Result "1-0"]
[WhiteElo "2252"]
[BlackElo "1665"]
[PlyCount "63"]
[EventDate "2013.??.??"]
[EventType "swiss"]
[EventRounds "9"]

1. d4 d5 2. c4 c6 3. Nf3 Nf6 4. Nc3 e6 5. e3 Nbd7 6. Be2 Bd6 7. O-O O-O 8. Qc2
Re8 9. Rd1 dxc4 10. Bxc4 Qc7 11. e4 e5 12. g3 Nb6 13. Be2 Nbd7 14. b3 exd4 15.
Nxd4 Nc5 16. Bf3 Bg4 17. Bxg4 Nxg4 18. Nf5 Be5 19. f4 Bxc3 20. Qxc3 Ne6 21. Bb2
Nf6 22. Qf3 Qb6+ 23. Kg2 Qb4 24. Bxf6 gxf6 25. Rd4 Qf8 26. Rd7 Rad8 27. Rad1
Rxd7 28. Rxd7 Rd8 29. Rxb7 Rd2+ 30. Kh3 Rxa2 31. Qg4+ Kh8 32. Qh4 1-0

[Event "Ct. Lleida indiv. Absolut"]
[Site "Lleida"]
[Date "2013.10.06"]
[Round "1"]
[White "Nieto Badia, P."]
[Black "Campos Olaya, I."]
[Result "0-1"]
[WhiteElo "1633"]
[BlackElo "2165"]
[PlyCount "168"]
[EventDate "2013.??.??"]
[EventType "swiss"]
[EventRounds "9"]

1. Nf3 d5 2. c4 c6 3. g3 Nf6 4. Bg2 Bf5 5. cxd5 cxd5 6. O-O Nc6 7. d3 e6 8. Qb3
Qd7 9. Rd1 Bg4 10. Be3 Rc8 11. Rc1 Be7 12. Nbd2 O-O 13. h3 Bh5 14. g4 Bg6 15.
Nh4 Bd6 16. Nxg6 fxg6 17. Nf3 Bb8 18. Nd4 Nxd4 19. Bxd4 b6 20. a4 Qd6 21. e4
dxe4 22. Rxc8 Rxc8 23. dxe4 Kf7 24. Rd1 Qf4 25. Be3 Qc7 26. Qb5 h6 27. f4 Rd8
28. Rc1 Qe7 29. Qb3 Nd7 30. f5 gxf5 31. exf5 Ne5 32. fxe6+ Qxe6 33. Rf1+ Ke7
34. Qxe6+ Kxe6 35. Re1 Rd3 36. Be4 Rb3 37. Bf5+ Kf6 38. Bd4 Rb4 39. Bc3 Rxa4
40. Rf1 Kg5 41. Bc2 Rc4 42. Rf5+ Kh4 43. Rh5+ Kg3 44. Rxe5 Rxc3 45. Re2 Rf3 46.
Be4 Rb3 47. Bg2 Bd6 48. Kf1 Bc5 49. Rd2 Be3 50. Rc2 Bf4 51. Bd5 Rd3 52. Be4 Re3
53. Bg2 Be5 54. Bd5 Kxh3 55. Kf2 Bd4 56. Bg2+ Kxg4 57. Rc4 Rf3+ 58. Ke1 Rf4 59.
Rc7 Bxb2 60. Rxa7 h5 61. Ra2 Bc3+ 62. Ke2 b5 63. Rc2 Kg3 64. Rxc3+ Kxg2 65. Rc5
g6 66. Rxb5 Rf5 67. Rb6 Re5+ 68. Kd3 g5 69. Kd4 Rf5 70. Ke4 Rf4+ 71. Ke3 h4 72.
Rg6 Rf5 73. Ra6 h3 74. Ra2+ Kg1 75. Ra1+ Rf1 76. Ra5 g4 77. Rg5 Rf3+ 78. Ke4
Rg3 79. Kf4 Kg2 80. Rc5 Rf3+ 81. Kxg4 h2 82. Rh5 Rf7 83. Rc5 h1=Q 84. Rc2+ Rf2
0-1

[Event "Ct. Lleida indiv. Absolut"]
[Site "Lleida"]
[Date "2013.10.06"]
[Round "1"]
[White "Palau Cabases, A."]
[Black "Serra Tersa, S."]
[Result "1-0"]
[WhiteElo "1961"]
[BlackElo "1445"]
[PlyCount "52"]
[EventDate "2013.??.??"]
[EventType "swiss"]
[EventRounds "9"]

1. e4 e5 2. Nf3 Nc6 3. Bb5 a6 4. Ba4 b5 5. Bb3 h6 6. O-O Bc5 7. c3 d6 8. Re1
Nf6 9. d4 Ba7 10. dxe5 dxe5 11. Qxd8+ Nxd8 12. Nxe5 O-O 13. Be3 Ng4 14. Nxg4
Bxg4 15. Bd5 c6 16. Bb3 Be6 17. Nd2 c5 18. Bc2 f5 19. exf5 Bxf5 20. Bxf5 Rxf5
21. Nb3 c4 22. Bxa7 Rxa7 23. Nd4 Rf6 24. Re8+ Rf8 25. Rae1 Nf7 26. Nc6 Nd6 1-0

[Event "Ct. Lleida indiv. Absolut"]
[Site "Lleida"]
[Date "2013.10.06"]
[Round "1"]
[White "Pareja Guerrero, FJ."]
[Black "Barbero Sendic, A."]
[Result "0-1"]
[WhiteElo "1683"]
[BlackElo "2340"]
[PlyCount "80"]
[EventDate "2013.??.??"]
[EventType "swiss"]
[EventRounds "9"]

1. d4 d5 2. Nf3 Nf6 3. e3 c5 4. b3 Nc6 5. Bd3 Bg4 6. Bb2 e6 7. Nbd2 cxd4 8.
exd4 Bd6 9. O-O O-O 10. a3 Rc8 11. Re1 Ne7 12. h3 Bh5 13. c4 Ng6 14. Qc2 Nf4
15. Bf1 Bg6 16. Qc3 Ne4 17. Qe3 Bf5 18. Nxe4 dxe4 19. Ne5 Qg5 20. Qg3 Qxg3 21.
fxg3 Bxe5 22. dxe5 Nd3 23. Re2 Nxb2 24. Rxb2 Rc5 25. b4 Rxe5 26. Rd1 g5 27. g4
Bg6 28. Be2 f5 29. gxf5 exf5 30. c5 Re7 31. Rbd2 Kg7 32. Rd6 f4 33. Bc4 Bf5 34.
c6 bxc6 35. Rxc6 f3 36. g4 Bc8 37. Rc5 h6 38. Kf2 e3+ 39. Kg1 e2 40. Bxe2 fxe2
0-1

[Event "Ct. Lleida indiv. Absolut"]
[Site "Lleida"]
[Date "2013.10.06"]
[Round "1"]
[White "Perez Cabas, J."]
[Black "Sole Gonzalez, E."]
[Result "1-0"]
[WhiteElo "2021"]
[BlackElo "1571"]
[PlyCount "79"]
[EventDate "2013.??.??"]
[EventType "swiss"]
[EventRounds "9"]

1. e4 e5 2. Nf3 Nc6 3. Bb5 Bc5 4. O-O d6 5. c3 a6 6. Ba4 b5 7. Bc2 Nge7 8. d4
exd4 9. cxd4 Bb6 10. h3 O-O 11. Re1 Bb7 12. Nc3 Ng6 13. a4 b4 14. Nd5 Ba7 15.
a5 Nge7 16. Bg5 f6 17. Nxe7+ Nxe7 18. Bh4 Ng6 19. Bg3 c5 20. b3 Bc6 21. d5 Bb5
22. Bd3 Bxd3 23. Qxd3 Bb8 24. Nd2 Ne5 25. Bxe5 fxe5 26. Re3 Rf6 27. Rg3 Bc7 28.
Nc4 Qe8 29. Qe2 Kh8 30. Rd1 Rg6 31. Rxg6 Qxg6 32. Rd3 Kg8 33. Rg3 Qf7 34. Ne3
g6 35. h4 Qf4 36. h5 Qxe4 37. hxg6 hxg6 38. Qh5 Kg7 39. Nf5+ Kf7 40. Qxg6+ 1-0

[Event "Ct. Lleida indiv. Absolut"]
[Site "Lleida"]
[Date "2013.10.06"]
[Round "1"]
[White "Quintas Galeano, L."]
[Black "Llobera Vilamajor, JM."]
[Result "1-0"]
[WhiteElo "2125"]
[BlackElo "1632"]
[PlyCount "43"]
[EventDate "2013.??.??"]
[EventType "swiss"]
[EventRounds "9"]

1. e4 e5 2. Nf3 Nc6 3. Bb5 d6 4. O-O Bd7 5. c3 Nf6 6. d4 exd4 7. cxd4 Be7 8.
Re1 O-O 9. Nc3 a6 10. Bd3 Bg4 11. Be3 h6 12. h3 Bh5 13. g4 Bg6 14. e5 dxe5 15.
Bxg6 fxg6 16. Qb3+ Kh8 17. Nxe5 Nxe5 18. dxe5 Nd7 19. Rad1 Qc8 20. Qe6 Qe8 21.
Rxd7 Qf7 22. Rxe7 1-0

[Event "Ct. Lleida indiv. Absolut"]
[Site "Lleida"]
[Date "2013.10.06"]
[Round "1"]
[White "Ros Monfa, N."]
[Black "Ramon Solans, A."]
[Result "0-1"]
[WhiteElo "1667"]
[BlackElo "2310"]
[PlyCount "101"]
[EventDate "2013.??.??"]
[EventType "swiss"]
[EventRounds "9"]

1. d4 b5 2. e4 Bb7 3. c3 Bxe4 4. f3 Bxb1 5. Rxb1 c6 6. Bf4 d5 7. Bd3 e6 8. Ne2
Bd6 9. O-O Bxf4 10. Nxf4 Nf6 11. Re1 O-O 12. Qc2 Qd6 13. Nh3 Nbd7 14. f4 a6 15.
Re2 c5 16. Qd2 cxd4 17. cxd4 Qb6 18. Kh1 g6 19. Qb4 Rac8 20. a4 a5 21. Qxb5
Qxd4 22. Rd1 Rc5 23. Qb3 Rb8 24. Bb5 Qb4 25. Qxb4 axb4 26. Ng5 Rbc8 27. h3 Rc1
28. Red2 h6 29. Nf3 Ne4 30. Bxd7 Nxd2 31. Rg1 Nxf3 32. gxf3 Rxg1+ 33. Kxg1 Rc1+
34. Kf2 Rc2+ 35. Ke3 Rxb2 36. Kd4 Rc2 37. Bb5 Kf8 38. a5 b3 39. Bd3 Ra2 40. a6
b2 41. Kc5 Rxa6 42. Kd4 Kg7 43. Kc3 b1=N+ 44. Bxb1 Ra3+ 45. Kd4 Rxf3 46. Ke5
Rxh3 47. Bc2 Rh4 48. Bd1 Rxf4 49. Kxf4 Kf6 50. Bc2 e5+ 51. Kg4 0-1